| 000 | 01196nam a22001337a 4500 | ||
|---|---|---|---|
| 999 |
_c533239 _d533239 |
||
| 008 | 260430b ||||| |||| 00| 0 eng d | ||
| 100 |
_aGhosh, Sangeeta _960359 |
||
| 245 | _aLessons from the Trump tariff shock: Implications for INDIA’S textiles and apparel sector | ||
| 260 | _aEconomic & Political Weekly | ||
| 300 | _a61(15), Apr 11, 2026: p.38-41 | ||
| 520 | _aThe tariffs imposed by the Trump administration in 2025 sharply disrupted India’s textile and garment sector, exposing vulnerabilities arising from export concentration. This article examines the sector’s exposure to the tariff shock, evaluates the government’s policy response, and situates the recent measures within broader structural and competitiveness challenges. Short-term interventions—such as the removal of quality control orders on key man-made fibre inputs, import duty relief on raw cotton, and enhanced export credit support—have provided immediate relief. However, their longer-term effectiveness will depend on coordinated policy efforts. –Reproduced https://www.epw.in/journal/2026/15/perspectives/lessons-trump-tariff-shock.html | ||
| 773 | _aEconomic & Political Weekly | ||
| 942 | _cAR | ||